[Event "Werner-Ott-Open Kreuzberger Sommer 2018"]
[Site "Berlin"]
[Date "2018.07.03"]
[Round "4.20"]
[White "Silz, Elisa"]
[Black "Woinowski, Michael"]
[Result "1/2-1/2"]
[WhiteElo "1988"]
[BlackElo "1788"]
[Annotator "Lange,A1&BB_R_640941"]
[PlyCount "75"]
[EventDate "2018.06.30"]
[EventType "swiss"]
[EventRounds "9"]
[EventCountry "GER"]
[SourceTitle "WOOKS_2018_R4"]
[Source "Andreas Lange"]
[SourceDate "2018.07.03"]
[SourceVersion "1"]
[SourceVersionDate "2018.07.03"]
[SourceQuality "1"]
[WhiteTeam "SV Empor Berlin"]
[BlackTeam "SC Kreuzberg"]
[WhiteTeamCountry "GER"]
[BlackTeamCountry "GER"]

{D41: Damengambit (Verbesserte Tarrasch-Verteidigung)} 1. d4 Nf6 2. Nf3 d5 3.
c4 e6 4. Nc3 c5 5. cxd5 Nxd5 6. g3 cxd4 7. Nxd5 Qxd5 8. Qxd4 Qxd4 9. Nxd4 Bc5
$146 (9... Bb4+ 10. Bd2 Bxd2+ 11. Kxd2 Bd7 (11... Ke7 12. Bg2 Rd8 13. Ke3 Nd7
14. Rac1 Nf6 15. Rc7+ Rd7 16. Rhc1 Kd8 17. Rxd7+ {½-½ (17) Steingrimsson,H 
(2435)-Rabiega,R (2501), 2. Bundesliga Nord 204/05, Deutschland 2005}) 12. Bg2
Nc6 13. Nxc6 Bxc6 14. Bxc6+ bxc6 15. Rac1 O-O-O+ 16. Ke3 Kc7 17. Rc4 Rd6 18.
Ra4 Ra8 19. Rc1 a6 20. b3 Kb7 21. Rb4+ Kc7 22. Rg4 g6 23. Rh4 h5 24. Rf4 {
Benko,P (2515)-Darga,K (2540), Tel Aviv, Olympiade 1964 Finale A, 1-0 (45)})
10. Nb3 Bb6 11. Bg2 O-O 12. Bd2 Nc6 13. Rc1 e5 14. O-O Rd8 15. Bc3 f6 16. Rcd1
Bg4 {(=)} 17. Bd5+ Kh8 18. Rd2 Bxe2 19. Re1 Bg4 20. Kg2 Rd6 21. f3 Bh5 22. Bxc6
Rxd2+ 23. Nxd2 bxc6 24. Ne4 Rd8 25. g4 Bf7 26. a3 Rd3 27. h4 Bd5 28. h5 Kg8 29.
h6 Bxe4 30. Rxe4 Bd4 31. hxg7 Kxg7 32. Bxd4 Rxd4 33. Re2 Rc4 34. Rd2 Kg6 35.
Kg3 h5 36. gxh5+ Kxh5 37. Rd7 a5 38. Rd2 {(=)} 1/2-1/2

[Event "Werner-Ott-Open Kreuzberger Sommer 2018"]
[Site "Berlin"]
[Date "2018.07.03"]
[Round "4.48"]
[White "Plaza Reino, Agustin"]
[Black "Wieczorek, Martin"]
[Result "1-0"]
[WhiteElo "1923"]
[BlackElo "1349"]
[Annotator "Lange,A1&BB_R_640941"]
[PlyCount "85"]
[EventDate "2018.06.30"]
[EventType "swiss"]
[EventRounds "9"]
[EventCountry "GER"]
[SourceTitle "WOOKS_2018_R4"]
[Source "Andreas Lange"]
[SourceDate "2018.07.03"]
[SourceVersion "1"]
[SourceVersionDate "2018.07.03"]
[SourceQuality "1"]
[WhiteTeam "Enniscorthy CC"]
[BlackTeam "SK Dessau 93"]
[WhiteTeamCountry "IRL"]
[BlackTeamCountry "GER"]

{C05: Französische Verteidigung (Tarrasch-Variante)} 1. e4 e6 2. d4 d5 3. Nd2
Nf6 4. e5 Nfd7 5. f4 c5 6. c3 cxd4 7. cxd4 Nc6 8. Ndf3 Qb6 9. h4 Bb4+ 10. Kf2
f6 11. Be3 O-O $146 (11... Ne7 12. a3 Ba5 13. b4 Bxb4 14. axb4 Qxb4 15. Bd3 Nf5
16. Ne2 Nxe3 17. Kxe3 O-O 18. Qc2 h6 19. g4 fxe5 20. fxe5 Nb6 21. Nf4 Bd7 22.
Rhb1 Qe7 23. Bh7+ {1-0 (23) Nitz,T-Schoenherr,P (1626), Berlin, Eckbauer Open
1999}) (11... Qd8 12. Bd3 Nb6 13. g4 Nc4 14. Qc2 Nxe3 15. Kxe3 Ne7 16. Bxh7 f5
17. Qa4+ Bd7 18. Qxb4 Rxh7 19. g5 a5 20. Qd2 Rc8 21. Rc1 Kf7 22. Rxc8 Qxc8 23.
g6+ Kxg6 24. Qg2+ Kf7 25. Ng5+ Kg8 26. Nxh7 {Hogenacker,J (2270)-Spindler,M,
Berliner Sommer 1993, 1-0 (38)}) 12. a3 Be7 13. b4 Qd8 14. Bd3 fxe5 15. fxe5
Ndxe5 16. dxe5 Nxe5 17. Bg5 Ng4+ 18. Ke1 e5 19. Qb3 Bxg5 20. Nxg5 Nf2 21. Rh2
e4 22. Be2 Qd6 23. g3 Ng4 24. Rg2 Kh8 25. Rd1 Be6 {(=)} 26. Bxg4 Bxg4 27. Qxd5
Qf6 28. Re2 Bxe2 29. Nxe2 Qf2+ 30. Kd2 Rad8 31. Nf7+ Rxf7 32. Qxd8+ Rf8 33. Qd4
e3+ 34. Kd3 Qf5+ 35. Kxe3 Re8+ 36. Kd2 Qe6 37. Qd3 Qb6 38. Kc2 Qf2 39. Rd2 Qf8
40. Kb2 Qf6+ 41. Nc3 Rc8 42. Qd4 Qc6 43. Qd8+ 1-0

[Event "Werner-Ott-Open Kreuzberger Sommer 2018"]
[Site "Berlin"]
[Date "2018.07.04"]
[Round "5.1"]
[White "Stern, Rene"]
[Black "Kather, Yannick"]
[Result "1-0"]
[WhiteElo "2510"]
[BlackElo "2053"]
[Annotator "Lange,A1&BB_R_640941"]
[PlyCount "61"]
[EventDate "2018.06.30"]
[EventType "swiss"]
[EventRounds "9"]
[EventCountry "GER"]
[SourceTitle "WOOKS_2018_R5"]
[Source "Andreas Lange"]
[SourceDate "2018.07.04"]
[SourceVersion "1"]
[SourceVersionDate "2018.07.04"]
[SourceQuality "1"]
[WhiteTeam "SK Koenig Tegel 1949"]
[BlackTeam "SC Weisse Dame"]
[WhiteTeamCountry "GER"]
[BlackTeamCountry "GER"]

{A16: Englische Eröffnung} 1. Nf3 Nf6 2. c4 g6 3. Nc3 (3. a3 Bg7 4. Ra2 O-O 5.
h3 c5 6. Rh2 Nc6 7. b3 d5 8. cxd5 Nxd5 9. Bb2 e5 10. d3 Be6 11. g3 a5 {0-1 (11)
Shchekachev,A (2531)-Dlugy,M (2518), Berlin Meierei Bolle, Blitz WM 2015 Was
soll das?}) 3... d5 4. e3 Bg7 5. Qb3 dxc4 $146 (5... e6 6. Qa3 Bf8 7. Qa4+ Bd7
8. Qb3 dxc4 9. Bxc4 Nc6 10. Be2 Bg7 11. d4 O-O 12. O-O Na5 13. Qa3 Nc6 14. e4
Bc8 15. Rd1 b6 16. h3 Bb7 17. Bg5 h6 18. Bh4 g5 19. Bg3 Qe7 20. Qa4 {Stern,R 
(2499)-Poseck,S (2026), Berlin, Lichtenberger Sommer 2017, 1-0 (34)}) 6. Bxc4
e6 7. d4 O-O 8. O-O Nbd7 9. Rd1 Nb6 10. Be2 Nbd5 11. Bd2 b6 12. Na4 Bd7 13. Ne5
Ne4 14. Nxd7 Qxd7 15. Be1 a6 16. Rac1 b5 17. Nc5 Nxc5 18. Rxc5 Rfd8 19. Rdc1
Bf8 20. Rc6 Bd6 21. Bf3 Ne7 22. R6c2 Rab8 23. Bb4 Rdc8 24. g3 Kg7 25. Qa3 Bxb4
26. Qxb4 c6 27. Rc5 a5 28. Qxa5 Ra8 29. Qc3 Rxa2 30. d5+ f6 31. dxc6 1-0

[Event "Werner-Ott-Open Kreuzberger Sommer 2018"]
[Site "Berlin"]
[Date "2018.07.04"]
[Round "5.2"]
[White "Radovanovic, Jovica"]
[Black "Ahmadinia, Ebrahim"]
[Result "1/2-1/2"]
[WhiteElo "2311"]
[BlackElo "2415"]
[Annotator "Lange,A1&BB_R_640941"]
[PlyCount "75"]
[EventDate "2018.06.30"]
[EventType "swiss"]
[EventRounds "9"]
[EventCountry "GER"]
[SourceTitle "WOOKS_2018_R5"]
[Source "Andreas Lange"]
[SourceDate "2018.07.04"]
[SourceVersion "1"]
[SourceVersionDate "2018.07.04"]
[SourceQuality "1"]
[WhiteTeam "vereinslos"]
[BlackTeam "SF Berlin 1903"]
[BlackTeamCountry "GER"]

{E63: Königsindisch (6...Sc6)} 1. d4 Nf6 2. Nf3 g6 3. c4 Bg7 4. g3 O-O 5. Bg2
d6 6. O-O Nc6 7. Nc3 a6 8. h3 Bd7 9. e4 e5 10. dxe5 (10. Be3 Re8 11. Re1 b5 12.
dxe5 Nxe5 13. Nxe5 dxe5 14. Qe2 c6 15. Red1 Qa5 16. a3 Be6 17. b4 Qc7 18. cxb5
axb5 19. f3 Bf8 20. Qf2 Red8 21. Rdc1 Qb7 22. Bf1 Ne8 23. Nd1 Nd6 24. Nb2 Ra6 {
Artukovic,A (2034)-Spors,C (1740), Berlin, BEM Qualifikationsturnier 2018, 1-0
(38)}) 10... Nxe5 $146 (10... dxe5 11. Re1 (11. Be3 Be6 (11... Qc8 12. Kh2 Rd8
13. Qc2 Nd4 14. Bxd4 exd4 15. Nxd4 Ng4+ 16. hxg4 Bxd4 17. Nd5 Re8 18. Rad1 Bg7
19. g5 Bc6 20. Bh3 Qb8 21. f4 b5 22. Rf2 Qa7 23. c5 Qb7 24. Rfd2 b4 25. Bg2 a5
26. e5 {Sprotte,N (2158)-Vandre,W (2076), BMM 2000/01 Landesliga, Berlin 2001,
1-0 (44)}) 12. Qa4 b5 13. cxb5 axb5 14. Qc2 Nd4 15. Bxd4 exd4 16. Rfd1 c5 17.
Nxb5 Qd7 18. a4 Bxh3 19. e5 Bxg2 20. Kxg2 Nd5 21. Qxc5 Nf4+ 22. gxf4 Qg4+ 23.
Kf1 Qxf3 24. Qxd4 Rad8 25. Nd6 Rxd6 {Jussupow,A (2599)-Socko,B (2629), 1.
Bundesliga 2006/07, Solingen 2007 ½-½}) 11... Qc8 12. Kh2 Be6 13. Nd5 Nd7 14.
Be3 h6 15. b4 Kh7 16. Rc1 Qd8 17. b5 Na5 18. a4 axb5 19. axb5 c6 20. b6 cxd5
21. cxd5 Bxh3 22. Bxh3 Nxb6 23. Qd3 f5 24. Bc5 fxe4 25. Qxe4 {Vaganian,R (2640)
-Borriss,M (2439), 1. Bundesliga 2004/05, Berlin 2005, 1-0 (50)}) 11. Nxe5 dxe5
12. Be3 Qe7 13. Qc2 Rfd8 14. Rad1 c6 15. Na4 Be6 16. Bc5 Qe8 17. Rxd8 Rxd8 18.
Bb6 Rd6 19. Nc5 Bc8 20. Rd1 Rxd1+ 21. Qxd1 Nd7 22. Nxd7 Qxd7 23. Qxd7 Bxd7 24.
Kf1 Be6 25. b3 Kf8 26. Ke2 Ke7 27. Kd3 h5 28. h4 Kd7 29. a4 Bf8 30. Be3 Bb4 31.
Bf3 b5 32. axb5 cxb5 33. cxb5 axb5 34. Bd1 Kc6 35. Ba7 Bc5 36. Bxc5 Kxc5 37.
Kc3 b4+ 38. Kd3 1/2-1/2

[Event "Werner-Ott-Open Kreuzberger Sommer 2018"]
[Site "Berlin"]
[Date "2018.07.04"]
[Round "5.3"]
[White "Wierzbicki, Jirawat"]
[Black "Rehberg, Raphael"]
[Result "1-0"]
[WhiteElo "2161"]
[BlackElo "2279"]
[Annotator "Lange,A1&BB_R_640941"]
[PlyCount "91"]
[EventDate "2018.06.30"]
[EventType "swiss"]
[EventRounds "9"]
[EventCountry "GER"]
[SourceTitle "WOOKS_2018_R5"]
[Source "Andreas Lange"]
[SourceDate "2018.07.04"]
[SourceVersion "1"]
[SourceVersionDate "2018.07.04"]
[SourceQuality "1"]
[WhiteTeam "SK Koenig Tegel 1949"]
[BlackTeam "SG Lok Brandenburg"]
[WhiteTeamCountry "GER"]
[BlackTeamCountry "GER"]

{B22: Sizilianisch (Alapin 2.c3)} 1. e4 c5 2. c3 Nf6 3. e5 Nd5 4. d4 e6 5. Nf3
cxd4 6. cxd4 b6 7. Bc4 Bb7 (7... Ba6 8. Bxd5 exd5 9. a3 d6 10. Nc3 Be7 11. Qa4+
Qd7 12. Qxd7+ Nxd7 13. Nxd5 Rc8 14. Nxe7 Kxe7 15. exd6+ Kxd6 16. Bf4+ Kd5 17.
Kd1 Rhe8 18. Be3 Bc4 19. Rc1 f5 20. Nd2 Bd3 21. Nb1 Rxc1+ 22. Kxc1 {Roitzsch,P
(2004)-Rolle,E (2265), Berlin, Lichtenrader Herbst 2009, ½-½ (40)}) 8. O-O
Be7 (8... Qc7 9. Qe2 Be7 10. Nc3 Nxc3 11. bxc3 O-O 12. Be3 d5 13. Bd3 Nc6 14.
Nd2 f5 15. f4 Rac8 16. Rf3 Na5 17. Rc1 Nc4 18. Rh3 g6 19. Nxc4 dxc4 20. Bb1 Ba3
21. Rf1 b5 22. g4 Qc6 23. Qf3 {Mader,F (1095)-Ermitsch,M (1560), Willingen,
DEM 2018 U10, 0-1 (64)}) 9. Bxd5 $146 (9. Qe2 O-O 10. Rd1 Qc7 11. Bd2 Rc8 12.
Bd3 d6 13. Nc3 Nxc3 14. Bxc3 dxe5 15. dxe5 Nd7 16. Bxh7+ Kxh7 17. Qd3+ g6 18.
Qxd7 Bxf3 19. gxf3 Bg5 20. Qxc7 Rxc7 21. Bd2 Bxd2 22. Rxd2 Rc5 23. Re1 Kg7 {
Mueller,P (1813)-Becker,N (2096), Willingen, DEM 2005 U18, ½-½}) 9... Bxd5
10. Nc3 Bb7 11. d5 exd5 12. Nxd5 O-O 13. Bf4 Na6 14. Nxe7+ Qxe7 15. Nd4 Qh4 16.
Bg3 Qe4 17. f3 Qe3+ 18. Kh1 Nc5 19. Nf5 Qd3 20. Qxd3 Nxd3 21. Rfd1 Ba6 22. Rd2
Rae8 23. f4 f6 24. Nd6 Rb8 25. exf6 Rxf6 26. f5 Rbf8 27. Rad1 Nb4 28. Be5 Rxf5
29. Nxf5 Rxf5 30. Bc3 Nxa2 31. Rxd7 Nxc3 32. bxc3 Be2 33. Re1 a5 34. Kg1 Bc4
35. Re8+ Rf8 36. Rxf8+ Kxf8 37. Ra7 h5 38. Kf2 g6 39. Ke3 Ke8 40. Kd4 Bf1 41.
g3 Kd8 42. Rg7 b5 43. Rxg6 a4 44. Kc5 Bc4 45. Kb4 Kd7 46. Rg5 1-0

[Event "Werner-Ott-Open Kreuzberger Sommer 2018"]
[Site "Berlin"]
[Date "2018.07.04"]
[Round "5.4"]
[White "Malek, Daniel"]
[Black "Heerde, Thomas"]
[Result "1-0"]
[WhiteElo "2383"]
[BlackElo "2010"]
[Annotator "Lange,A1&BB_R_640941"]
[PlyCount "73"]
[EventDate "2018.06.30"]
[EventType "swiss"]
[EventRounds "9"]
[EventCountry "GER"]
[SourceTitle "WOOKS_2018_R5"]
[Source "Andreas Lange"]
[SourceDate "2018.07.04"]
[SourceVersion "1"]
[SourceVersionDate "2018.07.04"]
[SourceQuality "1"]
[WhiteTeam "SK Zehlendorf"]
[BlackTeam "SC Weisse Dame"]
[WhiteTeamCountry "GER"]
[BlackTeamCountry "GER"]

{E94: Königsindisch (Klassisches System)} 1. c4 Nf6 2. Nc3 g6 3. d4 Bg7 4. e4
O-O 5. Be2 d6 6. Be3 Na6 7. Nf3 e5 8. O-O Ng4 9. Bg5 f6 10. Bh4 (10. Bd2 Nh6
11. d5 Nf7 12. a3 c5 13. dxc6 bxc6 14. Na4 d5 15. cxd5 cxd5 16. exd5 Qxd5 17.
Bc3 Nc7 18. b4 Bf5 19. Nc5 g5 20. Qa4 a5 21. Qb3 Qxb3 22. Nxb3 Nd5 23. Bd2 axb4
24. axb4 Rab8 {Stahr,R (2018)-Wepfer,B (1887), Dresden 2016, XVI. DBMM 2016
½-½}) 10... Qe8 11. h3 (11. c5 dxc5 12. Bxa6 bxa6 13. Nd5 Rf7 14. dxe5 Nxe5
15. Nxe5 fxe5 16. Rc1 c6 17. Ne3 Rf4 18. Bg3 Rxe4 19. Rxc5 Rd4 20. Qb3+ Kh8 21.
Rfc1 Bd7 22. Qb7 Rb8 23. Qxa6 Rxb2 24. Qxa7 h5 25. Nc4 Rc2 {Hilsberg,K (1899)
-Muse,M (2398), FV Schach MP 2008/09 Finale, Berlin 2009, 0-1}) 11... Nh6 12.
a3 $146 (12. dxe5 dxe5 13. Bg3 Be6 14. Qc1 Nf7 15. Nd5 c6 16. Ne3 Nc5 17. Qc2
a5 18. Rad1 Qe7 19. Bh4 g5 20. Bg3 Nd6 21. Nd2 f5 22. exf5 Nxf5 23. Bh2 Nd4 {
0-1 (23) Stoeckel,J (1807)-Heerde,T (1988), Berlin, Eckbauer Open 2015}) 12...
Kh8 13. Re1 g5 14. Bg3 g4 15. hxg4 Bxg4 16. Qd2 Qh5 17. Rad1 Rae8 18. b4 f5 19.
dxe5 dxe5 20. exf5 e4 21. Nd4 Rd8 22. Qe3 Rxd4 23. Rxd4 Nxf5 24. Qxe4 Bxe2 25.
Nxe2 Re8 26. Nf4 Bxd4 27. Qxe8+ Qxe8 28. Rxe8+ Kg7 29. Ne6+ Kf6 30. Nxd4 Nxd4
31. Be5+ Kf7 32. Rh8 Nc2 33. Rxh7+ Kg6 34. Rg7+ Kh6 35. b5 Nc5 36. Rxc7 Nd3 37.
Bd6 1-0

[Event "Werner-Ott-Open Kreuzberger Sommer 2018"]
[Site "Berlin"]
[Date "2018.07.04"]
[Round "5.5"]
[White "Schulz, Olaf"]
[Black "Von Herman, Ulf"]
[Result "0-1"]
[WhiteElo "2019"]
[BlackElo "2354"]
[Annotator "Lange,A1&BB_R_640941"]
[PlyCount "57"]
[EventDate "2018.06.30"]
[EventType "swiss"]
[EventRounds "9"]
[EventCountry "GER"]
[SourceTitle "WOOKS_2018_R5"]
[Source "Andreas Lange"]
[SourceDate "2018.07.04"]
[SourceVersion "1"]
[SourceVersionDate "2018.07.04"]
[SourceQuality "1"]
[WhiteTeam "vereinslos"]
[BlackTeam "SK Koenig Tegel 1949"]
[BlackTeamCountry "GER"]

{[%mdl 8192] B38: Sizilianisch (Maroczy-Aufbau)} 1. d4 g6 2. c4 Bg7 3. Nc3 d6
4. e4 Nf6 5. f4 O-O 6. Nf3 c5 7. Be2 cxd4 8. Nxd4 Nc6 9. Be3 Bd7 10. O-O Nxd4
11. Bxd4 Bc6 12. Bf3 Nd7 13. Bxg7 Kxg7 14. Qd4+ Kg8 15. Nd5 a5 $146 (15... Bxd5
16. exd5 Qb6 17. Rad1 a5 18. Rfe1 Rfe8 19. h4 h5 20. Qxb6 Nxb6 21. Re4 Nd7 22.
Rde1 Kf8 23. f5 Ne5 24. fxg6 fxg6 25. Bd1 Kg7 26. g4 hxg4 27. Bxg4 Rh8 28. Bd1
Raf8 29. Kg2 Rf5 30. R1e3 {Schulz,O (1987)-Niehaus,F (2200), Berlin, WOOKS
2014 ½-½ (99)}) 16. Rad1 e5 17. fxe5 dxe5 18. Qe3 Bxd5 19. Rxd5 Qc7 20. Bg4
f5 21. Bxf5 gxf5 22. Qg5+ Kh8 23. Qe7 Rad8 24. exf5 Rfe8 25. Qf7 Qb6+ 26. Kh1
Nf6 27. Rb5 Qc6 28. Rxb7 $4 Rg8 29. Rg1 0-1

[Event "Werner-Ott-Open Kreuzberger Sommer 2018"]
[Site "Berlin"]
[Date "2018.07.04"]
[Round "5.6"]
[White "Werner, Dimo"]
[Black "Hacker, Jonas"]
[Result "0-1"]
[WhiteElo "2012"]
[BlackElo "2291"]
[Annotator "Lange,A1&BB_R_640941"]
[PlyCount "66"]
[EventDate "2018.06.30"]
[EventType "swiss"]
[EventRounds "9"]
[EventCountry "GER"]
[SourceTitle "WOOKS_2018_R5"]
[Source "Andreas Lange"]
[SourceDate "2018.07.04"]
[SourceVersion "1"]
[SourceVersionDate "2018.07.04"]
[SourceQuality "1"]
[WhiteTeam "TSV Schott Mainz"]
[BlackTeam "SC Eppingen"]
[WhiteTeamCountry "GER"]
[BlackTeamCountry "GER"]

{D39: Damengambit (Ragosin-Verteidigung)} 1. d4 Nf6 2. c4 e6 3. Nf3 d5 4. Nc3
Bb4 5. Bg5 dxc4 6. e3 b5 (6... c5 7. Bxc4 Qa5 8. O-O Bxc3 9. bxc3 Ne4 10. Bf4
b5 11. Qd3 Nxc3 12. Bxb5+ Bd7 13. Bxd7+ Nxd7 14. Bd6 cxd4 15. Nxd4 Nc5 16. Bxc5
Qxc5 17. Rac1 Rc8 18. Rc2 e5 19. Nb3 Qc4 20. Qxc4 Rxc4 21. Rfc1 {1-0 (21)
Foerster,J (1933)-Sisow,G (1779), BJEM 1999 U18, Berlin 1999}) 7. Be2 Bb7 8.
O-O a6 9. a4 Nbd7 10. axb5 Bxc3 11. bxc3 axb5 12. Rb1 Ra5 13. Nd2 Qa8 14. Bxf6
Nxf6 15. Bf3 Bxf3 16. gxf3 O-O 17. Rb2 Qd5 18. Qb1 Qh5 19. Kh1 c6 20. Rg1 Nd5
21. Qc1 Rfa8 22. Rg3 Ra1 23. Rb1 R1a3 24. Qg1 Qh6 25. Ne4 Nxc3 26. Nxc3 Rxc3
27. f4 Rca3 28. h3 g6 29. Kh2 Qh5 30. Rg5 Qf3 31. Rg3 Qe4 32. Rc1 Ra2 33. Rg5
Qf3 0-1

[Event "Werner-Ott-Open Kreuzberger Sommer 2018"]
[Site "Berlin"]
[Date "2018.07.04"]
[Round "5.7"]
[White "Buttkus, Andre"]
[Black "Kohler, Thomas"]
[Result "0-1"]
[WhiteElo "2004"]
[BlackElo "2147"]
[Annotator "Lange,A1&BB_R_640941"]
[PlyCount "72"]
[EventDate "2018.06.30"]
[EventType "swiss"]
[EventRounds "9"]
[EventCountry "GER"]
[SourceTitle "WOOKS_2018_R5"]
[Source "Andreas Lange"]
[SourceDate "2018.07.04"]
[SourceVersion "1"]
[SourceVersionDate "2018.07.04"]
[SourceQuality "1"]
[WhiteTeam "SK Tempelhof 1931"]
[BlackTeam "SC Zitadelle Spandau 1977"]
[WhiteTeamCountry "GER"]
[BlackTeamCountry "GER"]

{[%mdl 8256] A65: Benoni} 1. d4 Nf6 2. c4 g6 3. Nc3 Bg7 4. e4 d6 5. f3 O-O 6.
Bg5 c5 7. d5 e6 8. Qd2 exd5 9. cxd5 a6 10. a4 Re8 11. Nge2 Nbd7 12. Ng3 Qa5 13.
Ra3 h5 14. Be2 Nh7 15. Be3 $146 (15. Bh6 Bd4 16. Be3 h4 17. Nf1 Bh8 18. Bf4 Ne5
19. Ne3 Qd8 20. h3 Rb8 21. O-O Bd7 22. Bh2 b5 23. f4 b4 24. fxe5 bxa3 25. e6
fxe6 26. Ng4 Bd4+ 27. Kh1 Rf8 28. Bxd6 Rxf1+ 29. Bxf1 Rxb2 {Von Herman,
U-Kohler,T, Berlin, Lichtenberger Sommer 2007, 0-1}) 15... h4 16. Nf1 Ne5 17.
h3 f5 18. Nh2 Nf7 19. O-O Nf6 20. Bf2 fxe4 21. Bxh4 e3 22. Qc1 Qb4 23. g4 Bd7
24. Bg3 b5 25. Qc2 bxa4 26. Bd3 Ne5 27. Bxe5 Rxe5 28. f4 Re7 29. Bxg6 e2 $1 30.
Nxe2 Nxd5 31. Qd1 Bc6 32. Rff3 Qxb2 33. Ng3 Bd4+ 34. Kh1 Ne3 35. Raxe3 Rxe3 36.
Nf5 Re2 0-1

[Event "Werner-Ott-Open Kreuzberger Sommer 2018"]
[Site "Berlin"]
[Date "2018.07.04"]
[Round "5.8"]
[White "Federau, Juergen"]
[Black "Krueger, Robin Kevin"]
[Result "1/2-1/2"]
[WhiteElo "2127"]
[BlackElo "1942"]
[Annotator "Lange,A1&BB_R_640941"]
[PlyCount "191"]
[EventDate "2018.06.30"]
[EventType "swiss"]
[EventRounds "9"]
[EventCountry "GER"]
[SourceTitle "WOOKS_2018_R5"]
[Source "Andreas Lange"]
[SourceDate "2018.07.04"]
[SourceVersion "1"]
[SourceVersionDate "2018.07.04"]
[SourceQuality "1"]
[WhiteTeam "SC Kreuzberg"]
[BlackTeam "MTV Tostedt"]
[WhiteTeamCountry "GER"]
[BlackTeamCountry "GER"]

{D34: Damengambit (Tarrasch-Verteidigung, Hauptvariante)} 1. d4 d5 2. c4 e6 3.
Nc3 c5 4. cxd5 exd5 5. Nf3 Nc6 6. g3 Nf6 7. Bg2 Be7 8. O-O O-O 9. dxc5 Bxc5 10.
Na4 Be7 11. Be3 Re8 12. Rc1 Bg4 13. Nc5 Qb6 (13... Bxc5 14. Bxc5 Qd7 15. Re1
Rad8 16. Nd4 Rc8 17. Nxc6 bxc6 18. Bd4 Qe6 19. Qc2 Bf5 20. Qa4 Ne4 21. b4 h5
22. Qa3 h4 23. Qe3 h3 24. Bf1 a6 25. Qf4 Nd6 26. f3 f6 27. g4 Bh7 28. Bxh3 {
Roiz,M (2600)-Demuth,A (2545), Berlin Meierei Bolle, Blitz WM 2015 1-0 (45)})
14. Nb3 $146 (14. Ne6 Qa5 15. Bd2 Qb6 16. Be3 Qa5 17. Bd2 Qb6 18. Be3 {½-½ 
(18) Federau,J (2113)-Moeller,H (2279), Berlin, Lichtenrader Herbst 2017})
14... Qa6 15. a3 Rad8 16. Re1 Ne4 17. h3 Bf5 18. Nbd4 Nxd4 19. Bxd4 Bf6 20. e3
h6 21. Qb3 Re7 22. Qd1 Ree8 23. Qe2 Qa5 24. Red1 Rc8 25. Bxf6 Nxf6 26. Nd4 Be4
27. Qb5 Qxb5 28. Nxb5 Bxg2 29. Kxg2 a6 30. Nd6 Rxc1 31. Rxc1 Re7 32. Rc8+ Kh7
33. Nf5 Rd7 34. Kf3 Ne4 35. Ke2 g6 36. Nd4 Kg7 37. g4 Nd6 38. Rc2 Nc4 39. a4
Nd6 40. f3 Re7 41. b3 Kf6 42. Rc5 Ke5 43. f4+ Kf6 44. Rxd5 Ne4 45. Rd8 Nc3+ 46.
Kf3 Ne4 47. h4 Nd2+ 48. Ke2 Ne4 49. g5+ Kg7 50. Rc8 Ng3+ 51. Kf2 Ne4+ 52. Kf3
Nd2+ 53. Ke2 Ne4 54. Rc2 Ng3+ 55. Kf2 Ne4+ 56. Kf3 Nd6 57. a5 Ne4 58. b4 Nd6
59. Ke2 Ne4 60. Kd3 Nd6 61. Rb2 Rc7 62. Rc2 Re7 63. Rh2 Rd7 64. Ke2 Rc7 65. Kf3
Rc4 66. Rb2 h5 67. b5 axb5 68. Nxb5 Nf5 69. Nd4 Nxd4+ 70. exd4 Rxd4 71. Rxb7
Ra4 72. Rb5 Kf8 73. Rb8+ Ke7 74. Ra8 Kd6 75. Ra6+ Ke7 76. Ke3 Kf8 77. Ra8+ Ke7
78. Ra6 Kf8 79. Ra7 Ke8 80. a6 Kf8 81. Ra8+ Kg7 82. Kf3 Kh7 83. Ke3 Kg7 84. a7
Kh7 85. Kd3 Kg7 86. Kc3 Kh7 87. Kb3 Ra5 88. Kb4 Ra6 89. Kb5 Ra1 90. Kb6 Rb1+
91. Ka6 Ra1+ 92. Kb7 Rb1+ 93. Kc7 Ra1 94. Kd6 Kg7 95. Ke5 Ra5+ 96. Ke4 1/2-1/2

[Event "Werner-Ott-Open Kreuzberger Sommer 2018"]
[Site "Berlin"]
[Date "2018.07.04"]
[Round "5.9"]
[White "Jaeger, Andre"]
[Black "Krefenstein, Sergej"]
[Result "1/2-1/2"]
[WhiteElo "1922"]
[BlackElo "2119"]
[Annotator "Lange,A1&BB_R_640941"]
[PlyCount "77"]
[EventDate "2018.06.30"]
[EventType "swiss"]
[EventRounds "9"]
[EventCountry "GER"]
[SourceTitle "WOOKS_2018_R5"]
[Source "Andreas Lange"]
[SourceDate "2018.07.04"]
[SourceVersion "1"]
[SourceVersionDate "2018.07.04"]
[SourceQuality "1"]
[WhiteTeam "SC Rochade"]
[BlackTeam "TuS Makkabi Berlin"]
[WhiteTeamCountry "GER"]
[BlackTeamCountry "GER"]

{E63: Königsindisch (6...Sc6)} 1. d4 Nf6 2. c4 g6 3. g3 Bg7 4. Bg2 d6 5. Nc3
O-O 6. Nf3 Nc6 7. O-O a6 8. d5 Na5 9. b3 c5 10. dxc6 Nxc6 (10... bxc6 11. Bb2
Rb8 12. Qc2 Bf5 13. e4 Nxe4 14. g4 Nxc4 15. gxf5 Nxb2 16. Nxe4 gxf5 17. Ng3 e6
18. Nh5 Bh8 19. Rab1 Qe7 20. Kh1 Rb4 21. Bh3 Rg4 22. Bxg4 fxg4 23. Rg1 f5 24.
h3 c5 25. hxg4 {Jaeger,A (1971)-Glantz,R (1980), Berlin, Lichtenrader Herbst
2006, 1-0 (32)}) 11. Bb2 Bd7 $146 (11... Bf5 12. Nh4 Bd7 13. Nd5 Nxd5 14. Bxg7
Ne3 15. Qc1 Nxg2 16. Qh6 Nxh4 17. gxh4 Bh3 18. Rfd1 f6 19. Bxf8 Qxf8 20. Qe3
Qc8 21. Kh1 Qe6 22. Qd2 Qe4+ 23. f3 Qxh4 24. Qd5+ Kg7 25. Rac1 Qg5 26. Rg1 {
Jaeger,A (2153)-Kunz,A (1894), Berlin, Lichtenberger Sommer 2005, 0-1}) 12. Qd2
Qa5 13. Nd5 Qxd2 14. Nxd2 Nxd5 15. Bxg7 Kxg7 16. cxd5 Nd4 17. e3 Ne2+ 18. Kh1
Rac8 19. Rfe1 Rc2 20. Nc4 Nc3 21. Nb6 Bb5 22. a4 Bd3 23. Rec1 Ne4 24. Rxc2 Bxc2
25. Rc1 Bd3 26. f3 Nf6 27. Rc7 Re8 28. Kg1 e6 29. dxe6 Rxe6 30. Kf2 d5 31. Rxb7
Rc6 32. g4 Rc2+ 33. Kg3 Re2 34. Bf1 Rxe3 35. Bxd3 Rxd3 36. Nd7 Nxd7 37. Rxd7
Rxb3 38. Rxd5 Rb6 39. g5 1/2-1/2